| 000 | 01458nam a22002177a 4500 | ||
|---|---|---|---|
| 003 | IT-MiCISF | ||
| 005 | 20230118111512.0 | ||
| 008 | 170530b xxu||||| |||| 00| 0 eng d | ||
| 040 | _cIT-MiCISF | ||
| 041 | _ait | ||
| 100 |
_aDotti Johnny, Aldegani Mario _956483 |
||
| 245 | _aGiuseppe siamo noi | ||
| 260 |
_aCinisello B. (MI) _bSan Paolo _c2017 |
||
| 300 | _app. 143 | ||
| 500 | _apaternità, bibbia | ||
| 501 | _aPrefazione di Giaccardi C. Postfazione di Magatti M. | ||
| 520 | _aL'icona di Giuseppe, padre affidatario di Gesù, si presta ad accompagnare ognuno di noi in questo cammino, che vede uomini e donne a cavallo di due millenni, come Giuseppe. Giuseppe che trasforma una nobiltà di stirpe in nobiltà di spirito, che feconda il proprio essere giusto con l'apertura all'amore, che tace perché ascolta la Parola incarnata in un fragile bambino, che si innamora ed è traumatizzato dalle sue umane aspettative, che è turbato e preso dal dubbio, che domanda, che dorme, sogna, ascolta e interpreta. Che prende con sé, che contempla e medita, che ama senza possedere, che obbedisce, si alza, parte e va in terra straniera, che ritorna e trova la giusta dimora, che lavora, istruisce, attende in una trasfigurata quotidianità. in questo senso, il libro sostiene che Giuseppe siamo noi, il suo cammino è il nostro cammino, il suo sogno è il nostro sogno. | ||
| 650 |
_agenitorialità _956044 |
||
| 654 | _asaggio | ||
| 942 |
_2ddc _cBK |
||
| 999 |
_c336692 _d336692 |
||